Deti sme učili - nedať sa preventívny projekt

Bibliographic Details
Main Author: Romanová, Slavka (Author)
Format: Article
Language:Slovak
ISSN:1335-793X
Subjects:

MARC

LEADER 00000nab a2200000 a 4500
001 vtls009938006
003 SK-MaSNL
005 20260303045034.0
008 140302c2009 xo |r|p||| |000 b|slo
015 |a SNBRB2009/07 
038 |a SPK 
040 |a SPKCL  |b slo  |c 2001  |e AACR2 
041 0 |a slo  |b slo 
044 |a xo  |c SK 
072 7 |a 371  |x Školstvo (organizácia)  |2 konspekt 
080 |a 371.78  |x (083.94)  |2 1997 
080 |a 3-053.2  |2 1997 
100 1 |a Romanová, Slavka  |4 aut  |9 1035042 
245 1 0 |a Deti sme učili - nedať sa  |b preventívny projekt  |c Slavka Romanová 
650 0 7 |a deti  |2 snkbucl  |9 773 
650 0 7 |a projekty  |2 snkbucl  |9 18866 
650 0 7 |a duševné zdravie  |2 spk  |9 2573 
773 0 |t Učiteľské noviny  |g Roč. LVII., 24.-25. týždeň (2009)  |x 1335-793X 
773 0 8 |t Školstvo odborne  |g 24.-25. týždeň (2009), s. 23 
852 |a SPK  |b KIS3GCP 
999 |c 1702344  |d 1704274